Environmental export trade needs boosting (Record no. 71148)

MARC details
000 -LEADER
fixed length control field 01301cam a2200193 4500
001 - CONTROL NUMBER
control field WB3833-12
008 - FIXED-LENGTH DATA ELEMENTS--GENERAL INFORMATION
fixed length control field 020912n2002 000 0 eng u
035 ## - SYSTEM CONTROL NUMBER
System control number (Sirsi) u119680
245 ## - TITLE STATEMENT
Title Environmental export trade needs boosting
260 ## - PUBLICATION, DISTRIBUTION, ETC.
Date of publication, distribution, etc. 2002
490 ## - SERIES STATEMENT
Series statement RICS Environment Faculty News
Volume/sequential designation 10 September 2002, (1)
520 ## - SUMMARY, ETC.
Summary, etc. A recent Department of Trade and Industry (DTI) report and a survey of environmental companies by the Environment Industries Commission (EIC) have highlighted the UK's poor performance in exporting environmental expertise and the inadequate support provided by government.The UK currently has only a 4.7% share of the world's environmental export trade market. EIC press release at http://www.eic-uk.co.uk/press/2002%20Press%20Releases/Export%20survey%20release-28.08.02.doc . DTI report "Global environmental markets and the UK environmental industry - opportunities to 2010" (ref.no. 02/534) available free from [email protected] http://www.rics.org/ricscms/bin/show?class=News&template=/includes/shownews.html&id=3599&faculty=Environment&faculty=All%20Faculties
590 ## - LOCAL NOTE (RLIN)
Local note WB
650 ## - SUBJECT ADDED ENTRY--TOPICAL TERM
Topical term or geographic name entry element EXPORTS
650 ## - SUBJECT ADDED ENTRY--TOPICAL TERM
Topical term or geographic name entry element ENVIRONMENTAL EXPORTS
650 ## - SUBJECT ADDED ENTRY--TOPICAL TERM
Topical term or geographic name entry element TECHNOLOGY PARTNERSHIP INITIATIVE
690 ## - LOCAL SUBJECT ADDED ENTRY--TOPICAL TERM (OCLC, RLIN)
Topical term or geographic name as entry element ENVIRONMENTAL AND LAND CONSULTANCY
942 ## - ADDED ENTRY ELEMENTS (KOHA)
Suppress in OPAC 0
Holdings
Withdrawn status Lost status Source of classification or shelving scheme Damaged status Not for loan Home library Current library Shelving location Date acquired Total Checkouts Full call number Barcode Date last seen Copy number Price effective from Koha item type
    Dewey Decimal Classification     London London News article 12/09/2002   WB3833-12 119680-1001 06/08/2019 1 06/08/2019 News article